Music Quiz

Random Music or The Beatles Quiz

Songs on Rubber Soul Quiz Stats

 Plays Quiz Updated Mar 10, 2014

     
Support Sporcle.
Go Orange.
Score 0/14 Timer 03:00
0 Plays Today
Side % Correct
Side 1Norwegian Wood (This Bird Has Flown)
85.7%
Side 1Drive My Car
81.8%
Side 1Michelle
76.3%
Side 2Girl
68.4%
Side 2In My Life
68.3%
Side 2Run for Your Life
65.8%
Side 1Nowhere Man
62.4%
Side % Correct
Side 1The Word
55.6%
Side 2I'm Looking Through You
53.9%
Side 2Wait
51.6%
Side 1You Won't See Me
50.8%
Side 1Think for Yourself
49.2%
Side 2If I Needed Someone
47.6%
Side 2What Goes On
46.3%

From the Vault

San Francisco Giants Opening Day Pitchers

by NaveedIC

Sports 10m
Cinderella would make a terrible baseball player. She kept running away from the ball.
Remove Ads.
Support Sporcle.
Get the best of Sporcle when you Go Orange. This ad-free experience offers more features, more stats, and more fun while also helping to support Sporcle. Thank you for becoming a member.

Show Comments

Extras

Top Quizzes Today


Score Distribution

Your Account Isn't Verified!

In order to create a playlist on Sporcle, you need to verify the email address you used during registration. Go to your Sporcle Settings to finish the process.

Report this User

Report this user for behavior that violates our Community Guidelines.

Details: